| 000 | 00488nam a2200181Ia 4500 | ||
|---|---|---|---|
| 005 | 20250618142004.0 | ||
| 008 | 008 250516s9999 xx 000 0 eng d | ||
| 020 | _a9789364104968 | ||
| 040 |
_beng _cSDCL |
||
| 041 |
_aeng _2eng |
||
| 084 | _aQ11:g(Y15) R5 | ||
| 100 |
_aUpadhya, Bhagwat Saran _9813088 |
||
| 245 | 0 | _aWomen in Rgveda | |
| 260 |
_aNew Delhi: _bAnamika Publishers & Distributors Pvt., _c2025. |
||
| 300 | _axiv, 260p. | ||
| 650 | _aHistory | ||
| 942 |
_cTEXL _2CC |
||
| 999 |
_c1429987 _d1429987 |
||